| 000 | 00784cam a22002651 4500 | ||
|---|---|---|---|
| 001 | sa 68010870 | ||
| 003 | DLC | ||
| 005 | 20260227112556.0 | ||
| 008 | 890403m19669999xx 000 0 hino | ||
| 010 | _asa 68010870 | ||
| 035 | _a(OCoLC)23567369 | ||
| 040 |
_aDLC _cMiU _dDLC |
||
| 042 | _apremarc | ||
| 043 | _aa-ii--- | ||
| 050 | 0 | 0 |
_aDS485.U64 _bI5 |
| 110 | 1 | _aIndia (Republic) | |
| 245 | 1 | 0 | _aUttara Pradeśa aura Bihāra ke bīca sīmā-vivāda para riporṭa. |
| 260 | _c1966- | ||
| 300 |
_av. _c25 cm. |
||
| 500 | _aRomanized. | ||
| 651 | 0 |
_aUttar Pradesh (India) _xBoundaries _zIndia _zBihar |
|
| 651 | 0 |
_aBihar (India) _xBoundaries _zIndia _zUttar Pradesh |
|
| 700 | 1 |
_aTrivedi, Chandulal Madhavlal, _cSir, _d1893- |
|
| 710 | 1 |
_aIndia (Republic). _bCentral Directorate. |
|
| 999 |
_c83600 _d83600 |
||